I diritti del soldato : introduzione e commento alla legge sui principi della disciplina militare /

Enregistré dans:
Détails bibliographiques
Autres auteurs: Battistelli, Fabrizio, Canosa, Romano, Bevere, Antonio, Canestrini, Sandro, De Marchi, Antonio, Galasso, Aurelio, Rochat, Giorgio
Format: Livre
Langue:italien
Publié: Milano : Feltrinelli, 1978
Collection:Manuali di autodifesa e pratica sociali ; 2
Sujets:
Tags: Ajouter un tag
Pas de tags, Soyez le premier à ajouter un tag!

MARC

LEADER 00000nam a22000007i 4500
001 IT\ICCU\SBL\0148127
003 ItRI
005 20250920233254.0
008 910930s1978 it |||||| ||||| |||||c
015 |2 IT  |a 789083 
040 |b ita  |c ct 
041 7 |a ita  |2 ISO-639-2 
082 |a 355.13  |2 18 
082 |a 343.45014  |2 19 
245 0 2 |a I diritti del soldato :  |b introduzione e commento alla legge sui principi della disciplina militare /  |c a cura di F. Battistelli ... ?et al.?. 
260 |a Milano :  |b Feltrinelli,  |c 1978 
300 |a 175 p. ;  |c 21 cm . 
650 7 |a Esercito italiano  |x Regolamento di disciplina  |2 scbi 
700 1 |a Battistelli, Fabrizio  |0 IT\ICCU\CFIV\013538 
700 1 |a Canosa, Romano 
700 1 |a Bevere, Antonio 
700 1 |a Canestrini, Sandro 
700 1 |a De Marchi, Antonio 
700 1 |a Galasso, Aurelio 
700 1 |a Rochat, Giorgio 
830 0 |a Manuali di autodifesa e pratica sociali ;  |v 2  |0 IT\ICCU\RAV\0118445 
942 |2 ddc  |c BK 
952 |0 0  |1 0  |2 ddc  |4 0  |7 0  |9 6959  |a MI  |b MI  |d 2009-08-24  |i 5456  |l 0  |p CDOM5456  |r 2025-07-13 16:28:00  |w 2025-07-13  |x DONO  |y BK 
981 1 |6 z01  |a i   |b xxxe  
982 1 |6 z01  |a n 
999 |c 5681  |d 5681